[Event "ROU-chT Women Superliga 2018"]
[Site "Sovata"]
[Date "2018.11.28"]
[Round "4"]
[White "Rata, Anamaria"]
[Black "Cosman, Andreea-Marioara"]
[Result "1/2-1/2"]
[WhiteElo "1780"]
[BlackElo "2176"]
[Annotator "NA RC"]
[PlyCount "107"]
[EventDate "2018.11.24"]
[EventType "team-tourn"]
[EventCountry "ROU"]
[SourceTitle "playchess.com"]
[Source "ChessBase"]
[SourceQuality "1"]
[TimeControl "40/5400+30:1800+30"]

1. e4 {[%emt 0:00:00]} c5 {[%emt 0:00:00]} 2. Nf3 {[%emt 0:00:07]} d6 {[%emt 0:00:00]} 3. d4 {[%emt 0:00:06]} cxd4 {[%emt 0:00:00]} 4. Nxd4 {[%emt 0:00:07]} Nf6 {[%emt 0:00:00]} 5. Nc3 {[%emt 0:00:06]} a6 {[%emt 0:00:00]} 6. Be3 {[%emt 0:00:08]} e5 {[%emt 0:00:00]} 7. Nb3 {[%emt 0:00:07]} Be6 {[%emt 0:00:00]} 8. Qd2 {[%emt 0:00:11]} Be7 {[%emt 0:00:26]} 9. f4 {[%emt 0:00:57] B90: Sicilian Najdorf: Unusual White 6th moves, 6 Be3 Ng4 and 6 Be3 e5} Ng4 {[%emt 0:04:19]} 10. f5 {[%emt 0:23:19]} Bxb3 {[%emt 0:01:36]} 11. axb3 {[%emt 0:07:53]} Nxe3 {[%emt 0:00:24]} 12. Qxe3 {[%emt 0:00:06] LiveBook: 3 Games} Nc6 {[%emt 0:00:03]} ({Black should try} 12... Nd7 $14) 13. Bd3 $146 {[%emt 0:04:30]} ({Predecessor:} 13. Nd5 h5 14. c3 Kf8 15. Qb6 Qb8 16. Be2 Bh4+ {1-0 (29) Kobalia,M (2623)-Fedoseev,V (2674) Kaliningrad 2015}) 13... Bg5 {[%emt 0:06:11]} 14. Qf2 {[%emt 0:00:52]} Nb4 {[%emt 0:01:00]} 15. Rd1 {[%emt 0:09:40]} O-O {[%emt 0:03:42]} 16. Bc4 {[%emt 0:10:34]} Be3 {[%emt 0:03:06]} 17. Qe2 {[%emt 0:00:26]} Rc8 {[%emt 0:05:49]} (17... b5 $11 18. Nd5 Qh4+ 19. Kf1 bxc4 20. Nxe3 cxb3) 18. Rf1 {[%emt 0:11:42]} b5 {[%emt 0:09:14]} 19. Bd5 $2 {[%emt 0:04:05]} (19. Nd5 $11 {and White has nothing to worry.} Nxd5 20. Bxd5 Qa5+ 21. c3 Rxc3 22. bxc3 Qxc3+ 23. Rd2 Qc1+ 24. Rd1 Qc3+ 25. Rd2 Qc1+ 26. Rd1 Qc3+) 19... Qa5 {[%emt 0:08:03]} 20. Rf3 {[%emt 0:10:03]} Bd4 {[%emt 0:12:10]} 21. Kf1 {[%emt 0:06:59]} Bxc3 {[%emt 0:16:18]} 22. bxc3 {[%emt 0:05:26]} Nxd5 {[%emt 0:00:15]} 23. Rxd5 {[%emt 0:00:38]} Rxc3 {[%emt 0:01:19]} 24. Rxc3 {[%emt 0:01:58]} Qxc3 {[%emt 0:00:04]} 25. Rxd6 {[%emt 0:00:34]} h6 {[%emt 0:01:27]} 26. Qd2 {[%emt 0:01:45]} Qa1+ {[%emt 0:05:23]} 27. Qd1 {[%emt 0:00:36]} Qxd1+ {[%emt 0:11:30]} 28. Rxd1 {[%emt 0:00:05]} Rc8 {[%emt 0:00:10]} 29. Rd2 {[%emt 0:00:49]} Kf8 {[%emt 0:02:17]} 30. Ke1 {[%emt 0:00:27]} Ke7 {[%emt 0:05:29]} 31. Kd1 {[%emt 0:00:30]} Rc3 {[%emt 0:00:42]} 32. Rd5 {[%emt 0:00:38]} f6 {[%emt 0:01:18]} 33. Kd2 {[%emt 0:00:13]} Rc6 {[%emt 0:00:24]} 34. Kd3 {[%emt 0:00:35]} b4 {[%emt 0:01:02]} 35. Kd2 {[%emt 0:00:44]} Rd6 {[%emt 0:01:36]} 36. Rxd6 {[%emt 0:00:30]} Kxd6 {[%emt 0:00:07]} 37. Kd3 {[%emt 0:00:19]} Kc5 {[%emt 0:00:23]} 38. g4 {[%emt 0:00:39]} Kb5 {[%emt 0:01:05]} 39. h3 {[%emt 0:00:30]} Kc5 {[%emt 0:00:28]} 40. Ke3 {[%emt 0:00:00]} a5 {[%emt 0:00:00]} 41. h4 {[%emt 0:06:43]} Kb5 {[%emt 0:01:03]} 42. Kd3 {[%emt 0:00:10]} a4 {[%emt 0:04:51]} 43. c4+ $1 {[%emt 0:11:18]} Ka5 {[%emt 0:03:42]} 44. bxa4 {[%emt 0:01:32]} Kxa4 {[%emt 0:00:14]} 45. c5 $1 {[%emt 0:00:22]} Kb5 {[%emt 0:00:12] [#]} 46. c6 $1 {[%emt 0:00:18]} Kxc6 {[%emt 0:00:02]} 47. Kc4 {[%emt 0:00:11]} b3 {[%emt 0:00:02]} 48. Kxb3 {[%emt 0:00:09]} h5 {[%emt 0:10:20]} 49. gxh5 {[%emt 0:02:33]} Kb5 {[%emt 0:00:24]} (49... Kc5 $5 50. Kc3 $8 Kb5 $11) 50. Kc3 $11 {[%emt 0:00:44]} Kc5 {[%emt 0:00:07]} 51. h6 {[%emt 0:00:20]} gxh6 {[%emt 0:00:06]} 52. h5 {[%emt 0:00:06]} Kb5 {[%emt 0:00:07]} 53. Kb3 $11 {[%emt 0:00:12]} Kc5 {[%emt 0:00:05]} 54. Kc3 {[%emt 0:00:06]} 1/2-1/2

[Event "ROU-chT Women Superliga 2018"]
[Site "Sovata"]
[Date "2018.11.29"]
[Round "5"]
[White "Paehtz, Elisabeth"]
[Black "Yugina, Maria"]
[Result "0-1"]
[WhiteElo "2495"]
[BlackElo "2129"]
[Annotator "TA"]
[PlyCount "136"]
[EventDate "2018.11.24"]
[EventType "team-tourn"]
[EventCountry "ROU"]
[SourceTitle "playchess.com"]
[Source "ChessBase"]
[SourceQuality "1"]

{[%evp 10,136,41,44,56,46,56,46,62,32,56,51,77,56,91,58,132,101,105,74,108,93,147,151,159,112,108,116,107,100,105,104,102,97,147,33,87,77,155,149,154,141,204,233,221,219,191,94,87,68,81,87,58,41,81,0,75,20,43,52,130,126,135,134,119,110,143,120,135,77,156,147,156,136,150,149,154,126,131,87,386,198,793,791,707,265,297,277,589,481,497,19,11,53,237,-38,222,-68,210,220,415,415,556,530,626,612,1099,-904,-845,-895,-877,-881,-875,-854,-835,-826,-804,-1453,-1448,-1468,-1456,-1347,-1164,-2347,-1691,-29988,-29989,-29989,-29990]} 1. e4 e6 2. d4 d5 3. Nc3 Bb4 4. e5 b6 5. a3 Bf8 6. Nf3 {LiveBook: 227 Games} h6 {C16: French: 3 Nc3 Bb4 4 e5: Lines without ...c5} (6... Ne7 7. h4 h6 8. Bf4 Ba6 9. Bxa6 Nxa6 10. Qd3 Nb8 11. b4 Nd7 12. O-O c6 13. h5 a6 14. Ne2 c5 15. dxc5 bxc5 {½-½ (46) Kryvoruchko,Y (2708)-Jussupow,A (2583) Switzerland 2017}) 7. Bb5+ c6 8. Ba4 Bb7 $146 {White is slightly better.} ({Predecessor:} 8... a5 9. O-O b5 10. Bb3 Qb6 11. Ne2 Nd7 {1-0 (23) Khouri,I (2223)-Svensson,M (2036) Calvia 2013}) 9. h4 Nd7 10. Ne2 Qc7 11. Qd2 O-O-O 12. Qf4 Nb8 (12... f6 $1 $14) 13. c3 Ba6 14. Bc2 g6 15. b4 Bg7 (15... c5 $142) 16. a4 $16 Bc4 17. Be3 Rf8 18. Nd2 Ba6 19. Rb1 Ne7 20. b5 Bb7 21. Qg3 Rfg8 22. Nf4 (22. O-O $16) 22... Bf8 (22... Nd7 $14) 23. Qf3 Kd7 (23... Nf5 $142) 24. Ne2 Ke8 25. h5 Nf5 (25... c5 $16) 26. hxg6 $18 fxg6 27. Nf4 Qf7 28. bxc6 (28. a5 $18) 28... Nxc6 $16 29. Qe2 Be7 30. Qb5 g5 31. Ne2 {Strongly threatening a5!} Bd8 $1 32. Nb3 (32. c4 $16) 32... Rg7 (32... a6 $11 {keeps the balance.} 33. Qd3 Nxe3 34. Qxe3 Rg7) 33. Qd3 (33. Ng3 $16) 33... Rf8 34. a5 Nh4 ({Black should play} 34... Nxe3 $14 35. Qxe3 g4) 35. Rh2 $1 Nf5 36. axb6 $1 axb6 37. Nd2 Nxe3 38. Qxe3 h5 39. f3 (39. g3 $142) 39... g4 ({Better is} 39... h4) 40. f4 $1 h4 41. c4 $1 Na5 42. cxd5 $1 exd5 43. f5 Bg5 44. Nf4 {f6 is the strong threat.} g3 $2 {[%mdl 8192] [#]} (44... Qc7 $16 45. f6 Qxc2 46. fxg7 Rg8) 45. Rh1 (45. Rxh4 $142 $3 {[%mdl 512]} Bxh4 46. f6) 45... Nc4 $2 (45... Qc7 46. f6 Qxc2 47. fxg7 Rg8) 46. Nxc4 $18 dxc4 47. Rg1 $2 (47. Qa3) 47... Bxf4 48. Qxf4 Bc8 $2 (48... Qd5 {is a better chance.} 49. Qxh4 Bc6) 49. Rxb6 Qa7 50. Rb1 $2 (50. Qh6 $18 Qa5+ 51. Ke2 Rxf5 52. Re6+ $1 {[%mdl 512]} Kf8 53. Bxf5 Qa2+ 54. Ke3 Qf2+ 55. Ke4 Bb7+ 56. d5 Qc2+ 57. Kd4 Qb2+ 58. Kc5 Qa3+ 59. Kd4 Qb2+ 60. Kc5 Qa3+ 61. Kxc4 Qa2+ 62. Kc3 Qa5+ 63. Kc2 Qc5+ 64. Kd2 Qxd5+ 65. Ke1 Qa5+ 66. Qd2 Qxd2+ 67. Kxd2) 50... Rd7 $1 $11 {[%cal Rd7d4]} 51. Rd1 {Hoping for f6.} Qa5+ $2 {[#]} (51... Rb7 $1 $14) 52. Qd2 $2 (52. Ke2 $1 $18) 52... c3 $2 {[%mdl 8192]} (52... Qxd2+ $15 {keeps the upper hand.} 53. Rxd2 Ra7) 53. Qe2 $2 (53. Qh6 $18) 53... Rdf7 $2 {[%mdl 8192]} (53... Rxf5 $1 $15 54. Qc4 Ke7) 54. f6 $18 Be6 $2 (54... Kd8 {is a better defense.}) 55. Rb1 Qa7 56. Qb5+ Kd8 57. Ke2 Kc7 58. Be4 $4 {[%mdl 8192]} (58. Qb4 $18 Rd7 59. Ra1 (59. Qxf8 Rxd4 60. Qb8+ Qxb8 $18) 59... Bg4+ 60. Ke3 Qxd4+ 61. Qxd4 Rxd4 62. Kxd4) 58... Qa2+ $19 59. Rb2 Qxb2+ 60. Qxb2 cxb2 61. d5 Bg4+ 62. Kd2 Rb8 63. Rb1 h3 64. gxh3 Bxh3 65. Ke3 g2 66. Kf4 Rb4 67. e6 Rxf6+ 68. Ke5 {[#]} Rxe4+ $1 {Accuracy: White = 35%, Black = 27%.} 0-1

[Event "ROU-chT Women Superliga 2018"]
[Site "Sovata"]
[Date "2018.11.29"]
[Round "5"]
[White "Javakhishvili, Lela"]
[Black "Rendi, Eva"]
[Result "1-0"]
[WhiteElo "2477"]
[BlackElo "2015"]
[Annotator "TA"]
[PlyCount "29"]
[EventDate "2018.11.24"]
[EventType "team-tourn"]
[EventCountry "ROU"]
[SourceTitle "playchess.com"]
[Source "ChessBase"]
[SourceQuality "1"]

{[%evp 12,29,10,5,289,296,425,425,445,438,561,564,562,556,559,557,611,610,616,598]} 1. d4 Nf6 2. c4 e6 3. Nf3 Bb4+ 4. Bd2 Qe7 5. Nc3 b6 6. g3 Bb7 7. Bg2 {LiveBook: 87 Games} d6 $2 {[%mdl 8192] E16: Queen's Indian: 4 g3 Bb7 5 Bg2 Bb4+} (7... O-O $11) (7... O-O 8. O-O a5 9. Rc1 d6 10. d5 e5 11. Nh4 Bc8 12. Qc2 Na6 13. Nf5 Bxf5 14. Qxf5 Nc5 15. Bg5 Bxc3 16. Rxc3 {½-½ (30) Ghaem Maghami,E (2551)-Saric,I (2660) Almaty 2016}) 8. Qa4+ $18 {[%mdl 64] [#] Double Attack} Nc6 (8... Qd7 $142 9. Qxb4 Nc6) 9. Ne5 {[%mdl 64] Pin. White is clearly winning.} O-O $146 ({Predecessor:} 9... Bxc3 10. Bxc6+ Kf8 11. Bxc3 Bxc6 12. Qxc6 Rd8 13. Nf3 g6 14. O-O h5 15. Bd2 {1-0 (33) Mancha Otano,A (1971)-Ortega Lopez,M (1991) Navarra 2012}) 10. Nxc6 Bxc6 11. Bxc6 Bxc3 12. Bxc3 Rad8 13. Qxa7 e5 14. dxe5 dxe5 15. Qa4 1-0

[Event "ROU-chT Women Superliga 2018"]
[Site "Sovata"]
[Date "2018.11.29"]
[Round "5"]
[White "Peptan, Corina-Isabela"]
[Black "Marin, Irina-Luiza"]
[Result "1-0"]
[WhiteElo "2378"]
[BlackElo "2032"]
[Annotator "TA"]
[PlyCount "81"]
[EventDate "2018.11.24"]
[EventType "team-tourn"]
[EventCountry "ROU"]
[SourceTitle "playchess.com"]
[Source "ChessBase"]
[SourceQuality "1"]

{[%evp 13,81,45,66,13,85,20,31,4,74,32,39,9,22,21,65,56,62,21,22,22,16,19,16,16,10,12,27,5,24,22,33,24,104,93,93,45,44,42,103,44,77,83,148,139,91,95,75,98,91,57,110,113,103,38,72,83,260,279,252,167,29986,29987,29987,29988,29990,29991,29991,29992,29992,358]} 1. d4 d6 2. Nf3 g6 3. g3 Bg7 4. Bg2 f5 5. O-O Nh6 6. c4 O-O 7. Nc3 c6 8. Qb3 {A84: Dutch Defence: 2 c4 Miscellaneous} (8. e4 $14) (8. d5 e5 9. dxe6 Bxe6 10. Qb3 Qd7 11. Ng5 Re8 12. Rd1 Na6 13. Bf4 Nf7 14. Nxe6 Rxe6 15. e4 Nc5 16. Qc2 Nxe4 17. Nxe4 fxe4 18. Bxe4 Bxb2 {1-0 (67) Drozdovskij,Y (2603)-Danielsen,H (2482) Copenhagen 2009}) 8... Qe8 $146 (8... Nf7 $11) ({Predecessor:} 8... Nf7 9. e4 e5 10. dxe5 dxe5 11. Be3 Qc7 12. Rad1 f4 13. Bc5 Re8 14. Qa3 Na6 15. Bd6 Nxd6 16. Qxd6 Qxd6 17. Rxd6 {0-1 (40) Domingos,E (2198)-Danielsen,H (2492) Dresden 2008}) 9. d5 ({White should try} 9. Re1 $16) 9... Na6 $11 10. Be3 {White is slightly better.} c5 (10... Ng4 $11 {keeps the balance.}) 11. Ng5 Nc7 12. Nb5 Nxb5 13. cxb5 a5 14. a4 Ng4 15. Ne6 Bxe6 16. dxe6 Nxe3 17. fxe3 Qc8 18. Rac1 Be5 19. Bd5 Rb8 20. Rf3 Rf6 21. Rcf1 Qf8 22. b6 $1 Qg7 (22... Kg7 $11) 23. Qb5 $16 Rff8 24. Qxa5 Bxb2 25. Qb5 {[#]} Qe5 {[#]} (25... c4 $1 $14 {[%mdl 512]}) 26. Qb3 (26. e4 $1 $16 {[%mdl 512]}) 26... Bc3 27. e4 Bd4+ ({Black should play} 27... fxe4 28. Rxf8+ (28. Rxc3 Qd4+ 29. Kg2 Rxf1 $16) 28... Rxf8 29. Rxf8+ Kxf8) 28. e3 Bc3 29. exf5 Rxf5 30. Rxf5 gxf5 31. Rf3 Kh8 (31... Ba5 $14) 32. Kg2 Ba5 33. Bc4 (33. Rf4 $16) 33... Rf8 {[#]} 34. Qb5 $1 {[%cal Rb5a5]} Qe4 $2 (34... d5 $16) 35. Bd3 $18 Qb4 36. Rxf5 {[%mdl 64] Overworked Piece} Rxf5 $2 (36... Kg8 $18) 37. Qe8+ {[%mdl 64] Double Attack. White mates.} ({Weaker is} 37. Bxf5 Qxb5 38. axb5 Kg7 $11) 37... Kg7 38. Qxe7+ {[%mdl 64] Double Attack} Kg8 39. Bxf5 Qb2+ 40. Kh3 Qg7 41. Qd8+ {Accuracy: White = 45%, Black = 24%.} 1-0

[Event "ROU-chT Women Superliga 2018"]
[Site "Sovata"]
[Date "2018.11.29"]
[Round "5"]
[White "L'Ami, Alina"]
[Black "Cristocea, Gabriela"]
[Result "1-0"]
[WhiteElo "2285"]
[BlackElo "1843"]
[Annotator "NA RC"]
[PlyCount "69"]
[EventDate "2018.11.24"]
[EventType "team-tourn"]
[EventCountry "ROU"]
[SourceTitle "playchess.com"]
[Source "ChessBase"]
[SourceQuality "1"]
[TimeControl "40/5400+30:1800+30"]

1. d4 {[%emt 0:00:00]} d5 {[%emt 0:00:00]} 2. c4 {[%emt 0:00:00]} c6 {[%emt 0:00:00]} 3. Nf3 {[%emt 0:00:00]} Nf6 {[%emt 0:00:00]} 4. Nc3 {[%emt 0:00:00]} a6 {[%emt 0:00:00] LiveBook: 8539 Games} 5. Qc2 {[%emt 0:00:28]} g6 {[%emt 0:04:01] D15: Slav Defence: 4 Nc3 a6 and gambit lines after 4 Nc3 dxc4} 6. Bg5 {[%emt 0:00:15]} Bg7 {[%emt 0:00:06]} (6... Be6 7. e4 dxe4 8. Nxe4 Nbd7 9. Nxf6+ exf6 10. Bd2 Bg7 11. Be2 O-O 12. O-O Bf5 13. Qb3 {1-0 (40) Gelfand,B (2695)-Artemiev,V (2704) Poikovsky 2018}) 7. Bxf6 {[%emt 0:00:30]} Bxf6 {[%emt 0:00:36]} 8. cxd5 {[%emt 0:00:06]} cxd5 {[%emt 0:01:28]} 9. Nxd5 {[%emt 0:00:13]} Nc6 {[%emt 0:03:26]} 10. Nxf6+ {[%emt 0:00:47]} exf6 {[%emt 0:00:05]} 11. e3 {[%emt 0:04:01]} Bf5 {[%emt 0:03:49]} 12. Qd2 {[%emt 0:03:31]} O-O {[%emt 0:01:15]} 13. Be2 {[%emt 0:01:47]} Qe7 $146 {[%emt 0:11:57]} 14. O-O {[%emt 0:02:52]} Rfd8 {[%emt 0:01:45]} 15. Rfc1 {[%emt 0:03:59]} Rd7 {[%emt 0:03:48]} 16. a3 {[%emt 0:04:44]} Rad8 {[%emt 0:02:36]} 17. Qe1 {[%emt 0:05:25]} Be4 {[%emt 0:01:24]} 18. Nd2 {[%emt 0:02:14]} f5 {[%emt 0:05:12]} (18... Bd5 $16 {was necessary.} 19. Nc4 Be4) 19. Nxe4 {[%emt 0:07:28]} fxe4 {[%emt 0:00:30]} 20. b4 {[%emt 0:02:05]} Rc7 {[%emt 0:05:46]} 21. Rc5 {[%emt 0:02:51]} Rdc8 {[%emt 0:04:13]} 22. Rac1 {[%emt 0:02:31]} b6 {[%emt 0:01:05]} 23. R5c3 {[%emt 0:01:16]} Nb8 {[%emt 0:04:31]} 24. Bc4 {[%emt 0:03:55]} Qd6 {[%emt 0:02:42]} 25. h3 {[%emt 0:05:31]} Kg7 {[%emt 0:01:27]} 26. Bb3 {[%emt 0:03:38]} Nd7 {[%emt 0:03:22]} 27. Rxc7 {[%emt 0:04:15]} Rxc7 {[%emt 0:00:06]} 28. Rc3 $18 {[%emt 0:00:19]} Nf6 {[%emt 0:12:21]} 29. Qc1 {[%emt 0:00:31]} Nd5 {[%emt 0:03:36]} 30. Rxc7 {[%emt 0:01:02]} Nxc7 {[%emt 0:00:36]} 31. Qc4 {[%emt 0:00:49]} Qd7 {[%emt 0:01:41]} 32. d5 {[%emt 0:00:58]} Qe7 {[%emt 0:04:38]} 33. Qd4+ {[%emt 0:04:23]} Qf6 {[%emt 0:01:15]} 34. Qxe4 {[%emt 0:01:34]} Nb5 {[%emt 0:01:43]} 35. a4 {[%emt 0:00:53]} 1-0

[Event "ROU-chT Women Superliga 2018"]
[Site "Sovata"]
[Date "2018.11.29"]
[Round "5"]
[White "Dragomirescu, Angela"]
[Black "Anton, Ana-Roxana"]
[Result "1/2-1/2"]
[WhiteElo "2275"]
[BlackElo "1860"]
[Annotator "NA RC"]
[PlyCount "40"]
[EventDate "2018.11.24"]
[EventType "team-tourn"]
[EventCountry "ROU"]
[SourceTitle "playchess.com"]
[Source "ChessBase"]
[SourceQuality "1"]
[TimeControl "40/5400+30:1800+30"]

{[%evp 12,34,22,6,24,32767,27,32767,28,18,13,19,32767,27,32767,-8,36,-29,32767,32767,32767,-41,32767,32767,10]} 1. Nf3 {[%emt 0:00:00]} Nf6 {[%emt 0:00:00]} 2. d4 {[%emt 0:00:00]} e6 {[%emt 0:00:00]} 3. g3 {[%emt 0:00:00]} b5 {[%emt 0:00:42]} 4. Bg2 {[%emt 0:00:21]} Bb7 {[%emt 0:00:06]} 5. O-O {[%emt 0:01:15]} c5 {[%emt 0:01:54]} 6. Be3 {[%emt 0:10:01]} c4 {[%emt 0:12:44]} 7. c3 {[%emt 0:04:48]} a5 {[%emt 0:15:03]} 8. a4 {[%emt 0:05:06]} b4 {[%emt 0:02:36]} 9. b3 {[%emt 0:01:22]} d5 {[%emt 0:14:29]} 10. Ne5 {[%emt 0:01:40]} cxb3 {[%emt 0:00:12]} 11. Qxb3 {[%emt 0:01:30]} Be7 {[%emt 0:07:15]} 12. cxb4 {[%emt 0:04:18]} axb4 {[%emt 0:00:31]} 13. Rc1 {[%emt 0:06:46]} Ba6 {[%emt 0:03:38]} 14. Bf1 {[%emt 0:01:40]} O-O {[%emt 0:00:30]} 15. Nd2 {[%emt 0:00:52]} Nfd7 {[%emt 0:03:18]} 16. Nd3 {[%emt 0:02:53]} Qb6 {[%emt 0:08:26]} 17. Ne5 {[%emt 0:16:04]} f6 $11 {[%emt 0:04:34]} (17... Re8 $15) 18. Nxd7 {[%emt 0:09:20]} Nxd7 {[%emt 0:00:06]} 19. a5 {[%emt 0:09:46]} Qb7 {[%emt 0:01:52]} 20. h4 {[%emt 0:03:30]} Rac8 {[%emt 0:00:25]} 1/2-1/2

[Event "ROU-chT Women Superliga 2018"]
[Site "Sovata"]
[Date "2018.11.29"]
[Round "5"]
[White "Raeva, Elitsa"]
[Black "Didiliuc, Dariana-Gabriela"]
[Result "0-1"]
[WhiteElo "2252"]
[BlackElo "1784"]
[Annotator "TA"]
[PlyCount "114"]
[EventDate "2018.11.24"]
[EventType "team-tourn"]
[EventCountry "ROU"]
[SourceTitle "playchess.com"]
[Source "ChessBase"]
[SourceQuality "1"]

{[%evp 12,114,10,-5,8,12,22,8,19,-2,-8,-21,-14,-27,-30,-113,-86,-86,-90,-99,-92,-174,-177,-178,-178,-185,-188,-181,-137,-150,-150,-148,-133,-135,-147,-142,-143,-211,-203,-234,-232,-228,-113,-120,-118,-132,-127,-105,0,0,0,0,0,0,0,0,0,-474,21,0,0,-120,-125,-267,-267,-269,-172,-295,-262,-298,-309,-743,-738,-727,-730,-711,-522,-478,-170,-172,-162,-169,-166,-146,-158,-485,-485,-482,-482,-475,-475,-475,-475,-475,-454,-1766,-1714,-1000,-979,-29988,-29989,-29990,-29991,-29991,-29992]} 1. c4 c5 2. Nc3 Nc6 3. g3 g6 4. Bg2 Bg7 5. d3 e6 6. e4 Nge7 7. h4 {LiveBook: 10 Games. A36: Symmetrical English vs ...g6: 4 Bg2 Bg7} d6 $146 ({Predecessor:} 7... d5 8. cxd5 exd5 9. exd5 Nd4 10. Nh3 O-O 11. h5 Bxh3 12. Rxh3 Qd7 13. Kf1 b5 14. Bg5 Rac8 15. Bxe7 Qxe7 16. hxg6 fxg6 {½-½ (31) Timofeev,A (2598)-Predke,A (2579) Novi Sad 2016}) 8. h5 Bd7 9. Nge2 {The position is equal.} Nd4 10. Bg5 h6 11. Bf4 e5 12. Be3 g5 $36 {[%mdl 2048] Black has the initiative.} 13. Bxd4 (13. Qd2 $1 $11) 13... exd4 (13... cxd4 {looks sharper.} 14. Nb5 Qb6 15. Qd2 a6 16. Na3 g4) 14. Nd5 Nxd5 15. cxd5 f5 16. O-O (16. Qd2 $17 {was worth a try.}) 16... O-O $1 $19 17. exf5 Bxf5 18. Nc1 {[%cal Be2c1,Bc1b3,Bb3d2,Bd2e4][%mdl 32]} Qd7 19. Nb3 Bg4 20. Qc2 Bxh5 21. Nd2 Rae8 22. Ne4 Be5 23. Qd2 Bf3 24. Bxf3 (24. Rae1 $17) 24... Rxf3 25. Kg2 Ref8 26. Rh1 Qg4 (26... Bg7 $19 {and Black stays clearly on top.} 27. b4 b6 28. bxc5 bxc5) 27. Rxh6 $17 {[#] And now Rg6+ would win.} Rxf2+ $1 {[%mdl 512]} 28. Qxf2 (28. Nxf2 $2 Qxg3+ 29. Kf1 Bf4 $19) 28... Rxf2+ 29. Kxf2 Bxg3+ ({Black should play} 29... Kg7 $17 30. Rah1 Qf5+ 31. Kg2 g4) 30. Nxg3 $11 {Strongly threatening Kg2.} Qf4+ 31. Kg2 Qd2+ $1 32. Kh1 {Threatens to win with Rf1.} Qxd3 33. Rg1 Qf3+ 34. Rg2 $2 {[%mdl 8192]} (34. Kh2 $11 {and White stays safe.} Qxd5 35. Rf1) 34... Qxd5 $2 ({Better is} 34... d3 $1 $19 {[%cal Rd3d2]} 35. Kh2 Qf4) 35. Nh5 Kf7 36. Rh7+ (36. Kg1 $11 Qe5 37. Rf2+ Ke7 38. Rh7+ Ke6 39. Ng7+ Kd7 40. Nf5+ Kc6 41. Rh6) 36... Ke6 $17 37. Rg7 (37. Rh6+ $17 {might work better.} Ke7 38. Kg1) 37... Qf3 ({Less strong is} 37... Qxa2 38. R7xg5 Qb1+ 39. Kh2 $17) 38. R7xg5 d3 {White must now prevent ...d2.} 39. Kh2 (39. Kg1 {was the only defense.}) 39... Qe3 40. Ng7+ Kd7 {Hoping for ...Qf4+.} 41. Rd5 $2 (41. Nh5) 41... Qe4 $19 ({Weaker is} 41... Kc6 42. Rxd6+ $1 {[%mdl 512]} Kb5 43. Rg3 $15) 42. Nh5 Kc6 43. Nf6 Qf4+ 44. Kg1 {intending Rf2.} c4 $2 ({Not} 44... Qxf6 45. Rxd3 d5 46. Rdg3 $19) (44... Qc1+ 45. Kh2 Qf1) 45. Rf2 Qg3+ {[%mdl 1024] Black has strong compensation.} 46. Kf1 Qh3+ 47. Kg1 {[#]} b5 $1 {[%cal Bb7b5,Bb5b4,Bb4c3,Bc3c2][%mdl 32]} 48. Rd4 $2 (48. a3 $17) 48... Qe3 49. Rd5 b4 50. Kg2 c3 51. bxc3 bxc3 52. Rf3 Qe2+ 53. Rf2 {[#]} (53. Kg3 $142 c2 54. Rfxd3 Qe1+ 55. Kg2) 53... c2 $1 {[%mdl 512]} 54. Rxe2 dxe2 55. Rxd6+ Kxd6 {Black mates.} 56. Ne4+ Ke5 57. Nc5 e1=N+ {Accuracy: White = 35%, Black = 54%.} 0-1

[Event "ROU-chT Women Superliga 2018"]
[Site "Sovata"]
[Date "2018.11.29"]
[Round "5"]
[White "Cosman, Andreea-Marioara"]
[Black "Ciolacu, Alessia-Mihaela"]
[Result "1-0"]
[WhiteElo "2176"]
[BlackElo "1972"]
[Annotator "NA RC"]
[PlyCount "55"]
[EventDate "2018.11.24"]
[EventType "team-tourn"]
[EventCountry "ROU"]
[SourceTitle "playchess.com"]
[Source "ChessBase"]
[SourceQuality "1"]
[TimeControl "40/5400+30:1800+30"]

1. d4 {[%emt 0:00:00]} d5 {[%emt 0:00:00]} 2. c4 {[%emt 0:00:00]} e5 {[%emt 0:00:00]} 3. dxe5 {[%emt 0:00:55]} d4 {[%emt 0:00:00]} 4. e4 {[%emt 0:00:03]} Nc6 {[%emt 0:05:01]} 5. f4 {[%emt 0:00:12]} f5 {[%emt 0:46:51]} 6. Bd3 {[%emt 0:06:59]} fxe4 {[%emt 0:02:54]} 7. Bxe4 {[%emt 0:00:23]} Nxe5 {[%emt 0:01:07]} 8. Nf3 {[%emt 0:07:46]} ({But not} 8. Qh5+ Nf7 $15) 8... Bb4+ {[%emt 0:15:51]} 9. Bd2 {[%emt 0:08:30]} Bxd2+ {[%emt 0:00:12]} 10. Nbxd2 {[%emt 0:01:02]} Nxf3+ {[%emt 0:00:08]} 11. Qxf3 {[%emt 0:00:22]} Ne7 {[%emt 0:00:53]} 12. Nb3 {[%emt 0:03:05]} O-O {[%emt 0:00:36]} 13. O-O-O {[%emt 0:03:24]} Qd6 {[%emt 0:02:41]} 14. Rxd4 {[%emt 0:02:17]} Qh6 {[%emt 0:03:56]} 15. g3 {[%emt 0:12:17]} c6 {[%emt 0:00:29]} 16. Nc5 $18 {[%emt 0:04:50]} Qh3 {[%emt 0:06:39]} 17. Re1 {[%emt 0:03:01]} Bg4 {[%emt 0:01:24]} 18. Qf2 {[%emt 0:06:37]} b6 {[%emt 0:02:13]} 19. Bg2 {[%emt 0:02:57]} Qh5 {[%emt 0:00:07]} 20. Nd7 {[%emt 0:01:44]} Rfe8 {[%emt 0:00:50]} 21. Ne5 {[%emt 0:01:09]} Rac8 {[%emt 0:04:31]} 22. h3 {[%emt 0:00:54]} Be6 {[%emt 0:00:11]} 23. g4 {[%emt 0:00:04]} Qh6 {[%emt 0:00:10]} 24. g5 {[%emt 0:01:43]} Qh5 {[%emt 0:00:05]} 25. Bf3 {[%emt 0:00:03]} Qxh3 {[%emt 0:00:34]} 26. Rh1 {[%emt 0:00:05]} Qxh1+ {[%emt 0:03:37]} 27. Bxh1 {[%emt 0:00:10]} c5 {[%emt 0:00:03]} 28. Rd6 {[%emt 0:00:51]} 1-0